| 000 | 02421nam a2200373 a 4500 | ||
|---|---|---|---|
| 001 | 020766688 | ||
| 008 | 190711s2017 ||||||||||||||||| || u | ||
| 020 | _a9781292152974 | ||
| 050 | _aQA 402.3 Dor | ||
| 100 | _aDorf, Richard C | ||
| 245 | 1 | 0 |
_aModern control systems. (13th edition) _cBy Richard C. Dorf ; Robert H. Bishop. |
| 250 | _a13th edition | ||
| 260 |
_aHarlow _bPearson _c2017 |
||
| 260 |
_aHarlow _bPearson Education Limited _c2017 |
||
| 300 | _a1025 pages : illustrations | ||
| 336 |
_atext _2rdacontent |
||
| 337 |
_aunmediated _2rdamedia |
||
| 338 |
_avolume _2rdacarrier |
||
| 350 | _a46.91 | ||
| 500 | _aIncludes bibliographical references and index. | ||
| 650 | 0 | _aCONTROL THEORY--TEXTBOOKS | |
| 650 | 0 | _aFEEDBACK CONTROL SYSTEMS--TEXTBOOKS | |
| 700 | _aBishop, Robert H | ||
| 995 |
_FCBU-MAIN LIBRARY (Kitwe) _I46.91 _M2 _UAVAILABLE _WJul 11, 2019 _ZMain Library Open Access Collection |
||
| 995 |
_FCBU-MAIN LIBRARY (Kitwe) _I46.91 _M3 _UAVAILABLE _WJul 11, 2019 _ZMain Library Open Access Collection |
||
| 995 |
_FCBU-MAIN LIBRARY (Kitwe) _I46.91 _M10 _UAVAILABLE _WNov 22, 2019 _ZMain Library Open Access Collection |
||
| 995 |
_FCBU-MAIN LIBRARY (Kitwe) _I46.91 _M4 _UAVAILABLE _WJul 11, 2019 _ZMain Library Open Access Collection |
||
| 995 |
_FCBU-MAIN LIBRARY (Kitwe) _I46.91 _M6 _UAVAILABLE _WNov 22, 2019 _ZMain Library Open Access Collection |
||
| 995 |
_FCBU-MAIN LIBRARY (Kitwe) _I46.91 _M1 _UAVAILABLE _WJul 11, 2019 _ZMain Library Open Access Collection |
||
| 995 |
_FCBU-MAIN LIBRARY (Kitwe) _I46.91 _M7 _UAVAILABLE _WNov 22, 2019 _ZMain Library Open Access Collection |
||
| 995 |
_FCBU-MPIKA LIBRARY _I46.91 _M8 _UAVAILABLE _WNov 22, 2019 _ZShort Loan Collection |
||
| 995 |
_FCBU-MPIKA LIBRARY _I46.91 _M9 _UAVAILABLE _WNov 22, 2019 _ZMain Library Open Access Collection |
||
| 995 |
_FCBU-MPIKA LIBRARY _I46.91 _M5 _UAVAILABLE _WNov 22, 2019 _ZShort Loan Collection |
||
| 999 |
_c62485 _d62485 |
||